书目信息 |
| 题名: |
3ds max 9.0材质应用50例
|
|
| 作者: | 王珂 , 王艳荣 , 李峰 编著 | |
| 分册: | ||
| 出版信息: | 北京 电子工业出版社 2008.06 |
|
| 页数: | 342页 | |
| 开本: | 26cm | |
| 丛书名: | 应用实例系列 | |
| 单 册: | ||
| 中图分类: | TP391.41 | |
| 科图分类: | ||
| 主题词: | 三维--san wei--动画--图像软件 | |
| 电子资源: | ||
| ISBN: | 978-7-121-06455-5 | |
| 000 | 01213nam 2200289 450 | |
| 001 | 012008706878 | |
| 005 | 20080902104609.68 | |
| 010 | @a978-7-121-06455-5@dCNY39.00 (含光盘) | |
| 010 | @a978-7-89485-768-2@b光盘 | |
| 100 | @a20080902d2008 em y0chiy0120 ea | |
| 101 | 0 | @achi |
| 102 | @aCN@b110000 | |
| 105 | @aa z 000yy | |
| 106 | @ar | |
| 200 | 1 | @a3ds max 9.0材质应用50例@A3ds max 9.0 cai zhi ying yong 50 li@f王珂, 王艳荣, 李峰等编著@Fwang ke,wang yan rong,li feng deng bian zhu |
| 210 | @a北京@c电子工业出版社@d2008.06 | |
| 215 | @a342页@c图@d26cm@e光盘1片 | |
| 225 | 2 | @a应用实例系列@Aying yong shi li xi lie |
| 330 | @a本书是一本介绍3ds max9.0材质设置应用的实例型教程类书籍。全书包含50个实例,共分为建筑设计应用、工业造型设计应用、展示设计应用、广告设计应用、游戏设计应用5篇。本书涉及范围广泛,介绍知识点全面,理论与实际结合较好,视觉效果好,能够使读者快速将所学知识应用于实际,并能够提高读者兴趣。 | |
| 410 | 0 | @12001 @a应用实例系列 |
| 606 | 0 | @a三维@Asan wei@x动画@x图像软件 |
| 690 | @aTP391.41@v4 | |
| 701 | 0 | @a王珂@Awang ke@4编著 |
| 701 | 0 | @a王艳荣@Awang yan rong@4编著 |
| 701 | 0 | @a李峰@Ali feng@4编著 |
| 801 | 0 | @aCN@bQSSK@c20080902 |
| 905 | @b735188-89@dTP391.41@eW241@f2 | |
| 3ds max 9.0材质应用50例/王珂, 王艳荣, 李峰等编著.-北京:电子工业出版社,2008.06 |
| 342页:图;26cm+光盘1片.-(应用实例系列) |
| ISBN 978-7-121-06455-5:CNY39.00 (含光盘) |
| 本书是一本介绍3ds max9.0材质设置应用的实例型教程类书籍。全书包含50个实例,共分为建筑设计应用、工业造型设计应用、展示设计应用、广告设计应用、游戏设计应用5篇。本书涉及范围广泛,介绍知识点全面,理论与实际结合较好,视觉效果好,能够使读者快速将所学知识应用于实际,并能够提高读者兴趣。 |
| ● |
| 相关链接 |
|
|
|
正题名:3ds max 9.0材质应用50例
索取号:TP391.41/W241
 
预约/预借
| 序号 | 登录号 | 条形码 | 馆藏地/架位号 | 状态 | 备注 |
| 1 | 735188 | 207351881 | 自科库301/301自科库 97排1列2层/ [索取号:TP391.41/W241] | 在馆 | |
| 2 | 735189 | 207351890 | 期刊室512/301自科库 64排7列4层/ [索取号:TP391.41/W241] | 在馆 |